00648 2200241 4500001002300000005001700023006001900040008004100059020001800100035002500118040001400143082001400157084001400171090003500185100001600220245003600236250001000272260003800282300003400320850001500354990002000369990001700389NBPULOB00000000000345420140408110033.0a ||| | 161121| ||| |  a979-1073-68-6 a0010-021400000000310 aNPBBUNLOB0 a398.Set.j a398.Set.j a300 Ilmu - ilmu Sosial/RAK21.40 aA. SETIAWAN00aJADI SARJANA BERKAT USAHA TEMPE aCet.2 aBandungbPT. Refika Aditamac2007 av + 63 hlmbillusc21 x 15 cm aKPAD LOBAR a23.955/Rut/2011 a2882/PN/2014